000 00779cab a2200277 4500
001 ABS50514
008 090401t1994 xxu||||| |||| 00| 0 eng d
035 _a(Sirsi) u76282
041 _aeng
100 _aMoor, N.
245 _aRevision leaves holes in the green belt policy
260 _c1994
350 _a0
490 _aBuilding
_v259(7826) 25 March 1994, 26(1)
520 _aSummarises draft PPG2 on green belt policy. The author argues that the revisions do not go far enough.
650 _aDERELICT LAND
650 _aDEVELOPMENT PLANS
650 _aDRAFT PPG2
650 _aGREEN BELT
650 _aPLANNING POLICY
650 _aPUBLIC ACCESS
650 _aURBAN FRINGE
690 _aPLANNING LAW AND PRACTICE
942 _n0
948 _c04/03/1997
999 _c47998
_d47998